000 00445nam a2200181Ia 4500
005 20240823043255.0
008 240823s9999||||xx |||||||||||||| ||und||
041 _aENGLISH
082 _A658.8 N1
100 _a"Mroz,Ralph"
245 4 _aThe Formula For Successful Marketing
250 _a1st
260 _c1991
_b"Galgotia,New Delhi"
500 _aTRANSFERED
650 _aManagement
_bManagement Studies
942 _cBK
999 _c209844
_d209844